[Event "Rouen op 9th"]
[Site "Rouen"]
[Date "2016.12.17"]
[Round "1"]
[White "Madon, Francis"]
[Black "Ruch, Bernard"]
[Result "0-1"]
[WhiteElo "1495"]
[BlackElo "1934"]
[PlyCount "110"]
[EventDate "2016.12.17"]
[EventType "swiss"]
[EventRounds "7"]
[EventCountry "FRA"]
[SourceTitle "CBM 176 Extra"]
[Source "ChessBase"]
[SourceDate "2017.03.02"]
[SourceVersion "1"]
[SourceVersionDate "2017.03.02"]
[SourceQuality "1"]

1. e4 e6 2. d4 d5 3. Nc3 Nf6 4. e5 Nfd7 5. f4 c5 6. Nf3 Nc6 7. Be3 cxd4 8. Nxd4 Bc5 9. Nxc6 bxc6 10. Bxc5 Nxc5 11. b4 Nd7 12. Qd4 0-0 13. Bd3 a5 14. b5 c5 15. Qf2 a4 16. 0-0 Qa5 17. Qe1 Qb6 18. Kh1 c4 19. Be2 Bb7 20. Bf3 f5 21. Ne2 Ra5 22. Nd4 Rfa8 23. c3 Nc5 24. Qh4 Re8 25. g4 fxg4 26. Qxg4 Nd3 27. Qg3 Rf8 28. Bg4 Nc5 29. Bf3 Raa8 30. Rg1 Qc7 31. Bg4 Rae8 32. Bh5 Re7 33. Raf1 Ne4 34. Qe3 Qa5 35. Rc1 Nc5 36. Rcf1 Nd3 37. Qd2 Qb6 38. Bd1 a3 39. Bc2 Nc5 40. Qg2 Ne4 41. Rf3 Ref7 42. h4 Nxc3 43. Rg3 Qc7 44. Nxe6 d4 45. Nxc7 Bxg2+ 46. R1xg2 Rxc7 47. Rxc3 dxc3 48. f5 Rd8 49. f6 Rd2 50. e6 Rxg2 51. e7 Re2 52. b6 Rb7 53. Ba4 gxf6 54. e8Q+ Rxe8 55. Bxe8 c2 0-1

[Event "FRA-ch op"]
[Site "Nimes"]
[Date "2014.08.25"]
[Round "8"]
[White "Lafortune, Emerick"]
[Black "Ruch, Bernard"]
[Result "1-0"]
[WhiteElo "1949"]
[BlackElo "1942"]
[PlyCount "99"]
[EventDate "2014.08.17"]
[EventType "swiss"]
[EventRounds "11"]
[EventCountry "FRA"]
[SourceTitle "EXT 2015"]
[Source "ChessBase"]
[SourceDate "2014.11.20"]
[SourceVersion "1"]
[SourceVersionDate "2014.11.20"]
[SourceQuality "1"]

1. e4 e6 2. d4 d5 3. Nd2 Nf6 4. e5 Nfd7 5. Bd3 c5 6. c3 Nc6 7. Ngf3 cxd4 8. cxd4 f6 9. exf6 Nxf6 10. 0-0 Bd6 11. Re1 0-0 12. b3 Bd7 13. Bb2 Qe7 14. a3 Rae8 15. b4 g6 16. Nb3 Qg7 17. Nc5 Bc8 18. Rc1 Nh5 19. b5 Nb8 20. Bf1 Qf6 21. Nd3 Nd7 22. Qd2 Nf4 23. Nde5 Qg7 24. g3 Nh5 25. Kg2 Nhf6 26. Bd3 Nb6 27. Qa5 Bb8 28. a4 Nfd7 29. Ba3 Rf6 30. Qc3 Nxe5 31. Nxe5 Nd7 32. Qxc8 Rxc8 33. Rxc8+ Nf8 34. Rxb8 Qc7 35. Ra8 Qc3 36. Nd7 Qxa3 37. Nxf6+ Kf7 38. Re3 Qxa4 39. Rf3 Qxd4 40. Nd7+ Ke7 41. Nxf8 e5 42. Nxh7 e4 43. Re3 Kd7 44. Be2 Kc7 45. h4 Kb6 46. Rg8 Qd2 47. Rxg6+ Ka5 48. Rd6 Qa2 49. Nf6 Kb4 50. Rxd5 1-0

[Event "FRA-ch op-B"]
[Site "Pau"]
[Date "2012.08.24"]
[Round "10"]
[White "Ruch, Bernard"]
[Black "Ruhant, Anthony"]
[Result "1/2-1/2"]
[WhiteElo "1950"]
[BlackElo "1912"]
[PlyCount "181"]
[EventDate "2012.08.14"]
[EventType "swiss"]
[EventRounds "11"]
[EventCountry "FRA"]
[SourceTitle "EXT 2013"]
[Source "ChessBase"]
[SourceDate "2012.11.22"]
[SourceVersion "1"]
[SourceVersionDate "2012.11.22"]
[SourceQuality "1"]

1. d4 Nf6 2. Nf3 b6 3. Bf4 Bb7 4. e3 e6 5. Nbd2 Be7 6. Bd3 d6 7. e4 c5 8. e5 Nd5 9. Bg3 cxd4 10. Nxd4 dxe5 11. Bxe5 Bf6 12. Bxf6 Nxf6 13. Bb5+ Nbd7 14. 0-0 0-0 15. c3 Nd5 16. Bc6 Bxc6 17. Nxc6 Qc7 18. Nd4 Nc5 19. Qf3 Rad8 20. Ne4 Nxe4 21. Qxe4 Nf6 22. Qe2 Rd5 23. Rad1 Rfd8 24. Nb5 Qd7 25. Rxd5 Nxd5 26. g3 Ne7 27. Nd4 g6 28. Re1 Nc6 29. Nxc6 Qxc6 30. Rd1 Rxd1+ 31. Qxd1 Qb5 32. b3 Qa5 33. Qc2 e5 34. a4 Qc5 35. h4 f5 36. Qd3 Qc7 37. b4 Qe7 38. a5 Qc7 39. a6 Kf7 40. c4 Ke7 41. Qd5 e4 42. g4 e3 43. gxf5 exf2+ 44. Kf1 gxf5 45. Qg8 Kf6 46. Qg5+ Ke6 47. Qh6+ Ke5 48. Qe3+ Kf6 49. Qd4+ Kg6 50. Kxf2 Qh2+ 51. Ke1 Qg3+ 52. Kd2 Qh2+ 53. Kc3 Qg3+ 54. Kb2 Qh2+ 55. Kb3 Qg3+ 56. Ka4 Qc7 57. Qd5 f4 58. Qg8+ Kf6 59. Qg5+ Ke6 60. Qd5+ Ke7 61. Kb3 Kf6 62. Qb7 Qe7 63. Qc6+ Kf5 64. Qc8+ Ke5 65. c5 bxc5 66. bxc5 Qe6+ 67. Qxe6+ Kxe6 68. Kc4 f3 69. Kd3 Kd5 70. Ke3 Kxc5 71. Kxf3 Kb6 72. Kg4 Kxa6 73. Kg5 Kb5 74. Kh6 a5 75. Kxh7 a4 76. h5 a3 77. h6 a2 78. Kg8 a1Q 79. h7 Qg1+ 80. Kf7 Qd4 81. Kg8 Qg4+ 82. Kh8 Qh5 83. Kg7 Qe5+ 84. Kg8 Qe8+ 85. Kg7 Qe7+ 86. Kg8 Qe6+ 87. Kg7 Qe5+ 88. Kg8 Qg5+ 89. Kh8 Qh6 90. Kg8 Qg6+ 91. Kh8 1/2-1/2

[Event "FRA-ch op-B"]
[Site "Pau"]
[Date "2012.08.19"]
[Round "6"]
[White "Ruch, Bernard"]
[Black "Le Bail, Arielle"]
[Result "1-0"]
[WhiteElo "1950"]
[BlackElo "1876"]
[PlyCount "99"]
[EventDate "2012.08.14"]
[EventType "swiss"]
[EventRounds "11"]
[EventCountry "FRA"]
[SourceTitle "EXT 2013"]
[Source "ChessBase"]
[SourceDate "2012.11.22"]
[SourceVersion "1"]
[SourceVersionDate "2012.11.22"]
[SourceQuality "1"]

1. d4 e6 2. c3 Nf6 3. Bg5 h6 4. Bf4 Be7 5. Nd2 d5 6. e3 Nbd7 7. Bd3 c5 8. Ngf3 Qb6 9. Rb1 Nh5 10. Be5 Nhf6 11. Bg3 Bd6 12. Ne5 Qc7 13. f4 a6 14. 0-0 0-0 15. Bh4 b5 16. g4 cxd4 17. exd4 Bb7 18. Qe2 Ne4 19. Nxe4 dxe4 20. Bxe4 Bxe4 21. Qxe4 Nxe5 22. fxe5 Be7 23. Bxe7 Qxe7 24. Rf3 Rac8 25. Rbf1 b4 26. R1f2 bxc3 27. bxc3 Qg5 28. Kg2 Rc7 29. Re3 Rb8 30. Qf4 Qxf4 31. Rxf4 Rbc8 32. Rff3 Rc4 33. h4 Ra4 34. Rf2 Ra3 35. Rc2 Rc4 36. Kf3 Rca4 37. c4 Rxa2 38. Rxa2 Rxa2 39. Rc3 Rb2 40. c5 Rb8 41. Ra3 Ra8 42. Ke4 Kf8 43. d5 exd5+ 44. Kxd5 Ke7 45. c6 a5 46. Ra4 Kd8 47. Kd6 Ra6 48. g5 h5 49. g6 fxg6 50. e6 1-0

[Event "FRA-ch op-B"]
[Site "Pau"]
[Date "2012.08.18"]
[Round "5"]
[White "Gerandi, Guillaume"]
[Black "Ruch, Bernard"]
[Result "1/2-1/2"]
[WhiteElo "1842"]
[BlackElo "1950"]
[PlyCount "92"]
[EventDate "2012.08.14"]
[EventType "swiss"]
[EventRounds "11"]
[EventCountry "FRA"]
[SourceTitle "EXT 2013"]
[Source "ChessBase"]
[SourceDate "2012.11.22"]
[SourceVersion "1"]
[SourceVersionDate "2012.11.22"]
[SourceQuality "1"]

1. e4 e6 2. d4 d5 3. Nc3 Nf6 4. e5 Nfd7 5. f4 c5 6. Nf3 Nc6 7. Be3 cxd4 8. Nxd4 Bc5 9. Qd2 a6 10. 0-0-0 Bxd4 11. Bxd4 b5 12. Be3 b4 13. Ne2 Qa5 14. Kb1 0-0 15. Nd4 Nxd4 16. Bxd4 Nc5 17. Bxc5 Qxc5 18. g4 a5 19. Bg2 Rb8 20. Rhf1 a4 21. f5 b3 22. cxb3 axb3 23. a3 Qc2+ 24. Qxc2 bxc2+ 25. Kxc2 Ba6 26. Rfe1 Bc4 27. b4 Ra8 28. Kb2 Ra4 29. Rc1 h5 30. h3 hxg4 31. hxg4 Re8 32. Rxc4 dxc4 33. Bc6 Raa8 34. Bxe8 Rxe8 35. a4 exf5 36. gxf5 g5 37. Kc3 g4 38. Re4 Kh7 39. Rxg4 Rxe5 40. f6 Kh8 41. Rg7 Re3+ 42. Kxc4 Rc3+ 43. Kd5 Rd3+ 44. Kc6 Rd6+ 45. Kb7 Rd7+ 46. Kc8 Rd8+ 1/2-1/2

[Event "FRA-ch op-A"]
[Site "Pau"]
[Date "2008.08.13"]
[Round "2"]
[White "Deschler, Fabrice"]
[Black "Ruch, Bernard"]
[Result "0-1"]
[WhiteElo "2141"]
[BlackElo "2022"]
[PlyCount "70"]
[EventDate "2008.08.11"]
[EventType "swiss"]
[EventRounds "9"]
[EventCountry "FRA"]
[SourceTitle "CBM 126 Extra"]
[Source "ChessBase"]
[SourceDate "2008.11.05"]
[SourceVersion "1"]
[SourceVersionDate "2008.11.05"]
[SourceQuality "1"]

1. d4 d5 2. Nf3 Nf6 3. g3 Bg4 4. Bg2 c6 5. c4 e6 6. 0-0 Nbd7 7. Nbd2 Be7 8. b3 0-0 9. Bb2 a6 10. h3 Bf5 11. Nh4 Ne4 12. Nxf5 exf5 13. Nxe4 fxe4 14. Qc2 f5 15. f4 Nf6 16. Kh2 Qe8 17. Rac1 Qh5 18. Kg1 Bd6 19. e3 g5 20. Rf2 gxf4 21. gxf4 Kh8 22. Qd1 Qh4 23. Qe1 Rg8 24. Kh1 Rg3 25. Rcc2 Rag8 26. Rf1 Ng4 27. Qxg3 Qxg3 28. hxg4 Rxg4 29. Rff2 Qxe3 30. Bc1 Qe1+ 31. Bf1 e3 32. Rf3 Bxf4 33. Bxe3 Bxe3 34. Re2 Qh4+ 35. Rh3 Rg1+ 0-1

[Event "Zuerich op-B 31st"]
[Site "Zuerich"]
[Date "2008.??.??"]
[Round "7"]
[White "Karrer, Peter"]
[Black "Ruch, Bernard"]
[Result "1-0"]
[WhiteElo "1821"]
[BlackElo "1973"]
[PlyCount "41"]
[EventDate "2007.12.26"]
[EventType "swiss"]
[EventRounds "7"]
[EventCountry "SUI"]
[SourceTitle "EXT 2019"]
[Source "ChessBase"]
[SourceDate "2018.10.10"]
[SourceVersion "1"]
[SourceVersionDate "2018.10.10"]
[SourceQuality "1"]

1. d4 d5 2. Nf3 Nf6 3. Bf4 e6 4. e3 Be7 5. h3 0-0 6. Nbd2 c5 7. c3 b6 8. Ne5 Ne4 9. Bd3 f5 10. Qe2 Bb7 11. h4 Nd7 12. Ndf3 Nxe5 13. Bxe5 c4 14. Bxe4 fxe4 15. Ng5 Bxg5 16. hxg5 Qxg5 17. 0-0-0 Rf5 18. Rh3 Qxg2 19. Rg3 Rxf2 20. Rxg2 Rxe2 21. Rxe2 1-0

[Event "Cannes"]
[Site "Cannes"]
[Date "1999.??.??"]
[Round "1"]
[White "Ruch, Bernard"]
[Black "Rouchouse, Stevens"]
[Result "1/2-1/2"]
[WhiteElo "2100"]
[BlackElo "2201"]
[PlyCount "87"]
[EventDate "1999.02.??"]
[EventType "k.o."]
[EventRounds "7"]
[EventCountry "FRA"]
[SourceTitle "EXT 2000"]
[Source "ChessBase"]
[SourceDate "1999.11.16"]
[SourceVersion "1"]
[SourceVersionDate "1999.11.16"]
[SourceQuality "1"]

1. d4 Nf6 2. Nf3 g6 3. c4 Bg7 4. Nc3 0-0 5. e4 c6 6. h3 d5 7. e5 Ne8 8. cxd5 cxd5 9. Bd3 Nc6 10. Be3 f6 11. Qb3 Nc7 12. exf6 exf6 13. 0-0 b6 14. a3 Be6 15. Rae1 Bf7 16. Qc2 Rc8 17. b4 Qd7 18. Qd2 Ne6 19. Ba6 Rcd8 20. Rc1 Nc7 21. Bd3 Ne6 22. Bb5 Qd6 23. Ne2 Ne7 24. Ng3 Be8 25. Bd3 f5 26. Bh6 Bxh6 27. Qxh6 f4 28. Ne2 Nf5 29. Bxf5 Rxf5 30. Qh4 h5 31. g4 g5 32. gxf5 gxh4 33. fxe6 Qxe6 34. Ne5 Qxh3 35. Rc3 Qf5 36. Kh2 Rc8 37. Rg1+ Kh7 38. Rf3 Rc7 39. Nxf4 Rc2 40. Rg2 Rc1 41. Nxd5 Qb1 42. Nf6+ Kh6 43. Ng8+ Kh7 44. Nf6+ 1/2-1/2